000 00925nam a22002177a 4500
005 20240530110547.0
008 160611s2013 ua g 000 0 ara d
017 _a2013/17107
_bمصر . دار الكتب المصرية
020 _a9789774278525
040 _aEG-CaGPL
082 0 4 _221
_a182.09\
_bم ت
100 0 _aمصطفى النشار .
245 1 0 _aتاريخ الفلسفة اليونانية من منظور شرقى :
_bالمدارس الفلسفية اليونانية فى العصر الهللينستى /
_cمصطفى النشار .
250 _aط1.
260 _aالقاهرة :
_bالدار المصرية اللبنانية ،
_c2013 .
300 _a296 ص ؛
_c24 سم .
650 0 4 _aالفلسفة اليونانية
_xتاريخ .
650 0 4 _aالفلسفة اليونانية
_yالعصر الهللينستى .
942 _2ddc
_cBK
999 _c62389
_d62389